[Event "11th Philadelphia International"]
[Site "Philadelphia, PA"]
[Date "2017.06.25"]
[Round "4.4"]
[White "Belous, Vladimir"]
[Black "Checa, Nicolas"]
[Result "0-1"]
[WhiteElo "2567"]
[BlackElo "2415"]
[PlyCount "118"]
[EventDate "2017.06.??"]
[EventType "swiss"]
[EventRounds "9"]
[EventCountry "USA"]
[WhiteClock "0:12:38"]
[BlackClock "0:18:30"]

1. d4 d5 2. Nf3 Nf6 3. Bg5 Ne4 4. Bh4 c5 5. e3 Nc6 6. Nbd2 Bg4 7. Be2 Nxd2 8.
Qxd2 cxd4 9. exd4 Qd7 10. O-O e6 11. Rfe1 Be7 12. Bxe7 Qxe7 13. c4 Rd8 14. cxd5
Rxd5 15. Qf4 h5 16. h3 Bxf3 17. Bxf3 Qd6 18. Qe3 Rxd4 19. Qg5 O-O 20. Qxh5 Qf4
21. Rad1 Rfd8 22. Rxd4 Nxd4 23. Bxb7 Qd2 24. Rf1 Qxb2 25. Qa5 Qb6 26. Qxb6 axb6
27. Rb1 Ne2+ 28. Kh2 Nc3 29. Rb2 Na4 30. Rb4 Nc5 31. Bc6 Rd2 32. a4 Rxf2 33.
Rxb6 Ra2 34. Rb8+ Kh7 35. Rb4 g6 36. Be8 f5 37. Rd4 Kg7 38. Rc4 Nd3 39. Rc3 Nf4
40. Rc7+ Kf6 41. Bc6 Rc2 42. a5 Nd5 43. Rc8 Ne7 44. Rf8+ Kg7 45. Ba4 Ra2 46.
Bb3 Rxa5 47. Rb8 Ra6 48. Rb7 Kf6 49. g4 Nc6 50. g5+ Kxg5 51. Bxe6 Ne5 52. Bd5
Ra5 53. Bb3 Ra1 54. Kg3 Rg1+ 55. Kf2 Rh1 56. Kg3 Rg1+ 57. Kf2 Rb1 58. Rb5 Rb2+
59. Ke3 Rh2 0-1

[Event "11th Philadelphia International"]
[Site "Philadelphia, PA"]
[Date "2017.06.25"]
[Round "4.5"]
[White "Barbosa, Oliver"]
[Black "Hong, Andrew"]
[Result "1/2-1/2"]
[WhiteElo "2511"]
[BlackElo "2383"]
[PlyCount "186"]
[EventDate "2017.06.??"]
[EventType "swiss"]
[EventRounds "9"]
[EventCountry "USA"]

1. c4 e6 2. Nf3 d5 3. d4 Nf6 4. Nc3 c6 5. e3 Nbd7 6. Qc2 Bd6 7. Be2 O-O 8. O-O
e5 9. cxd5 cxd5 10. dxe5 Nxe5 11. Rd1 Nxf3+ 12. Bxf3 Qc7 13. g3 Be5 14. Bd2 Be6
15. Rac1 Rac8 16. Qd3 Qd7 17. Be1 Rfd8 18. b3 Bg4 19. Bxg4 Qxg4 20. Qe2 Qxe2
21. Nxe2 Kf8 22. h3 Bb2 23. Rb1 Be5 24. Rbc1 Bb2 25. Rxc8 Rxc8 26. Nf4 Ba3 27.
Kg2 Rc5 28. b4 Rc4 29. b5 Bb4 30. Bxb4+ Rxb4 31. Nxd5 Rxb5 32. Nxf6 gxf6 33.
Rd4 Ra5 34. a4 b5 35. Rd5 Rxa4 36. Rxb5 Kg7 37. f4 Kg6 38. Kf3 Ra3 39. Rc5 Kg7
40. Rc8 h6 41. Re8 Kg6 42. h4 Kg7 43. h5 Ra5 44. Kg4 Ra3 45. e4 Re3 46. e5 fxe5
47. fxe5 a6 48. Kf4 Re1 49. Rd8 Rf1+ 50. Kg4 Re1 51. Rd5 Ra1 52. Rc5 Rf1 53.
Ra5 Re1 54. Kf3 Rf1+ 55. Ke3 Re1+ 56. Kf2 Re4 57. Kf3 Re1 58. g4 Rf1+ 59. Ke4
Rg1 60. Kf3 Rf1+ 61. Kg2 Re1 62. Kf2 Re4 63. Kf3 Re1 64. Rd5 Rf1+ 65. Kg2 Re1
66. Kf2 Re4 67. Kf3 Re1 68. Rc5 Rf1+ 69. Ke3 Re1+ 70. Kd3 Rd1+ 71. Ke2 Rd4 72.
Kf3 Rd1 73. Rc4 Re1 74. Kf4 Rf1+ 75. Ke4 Rd1 76. Ra4 Re1+ 77. Kd5 Rd1+ 78. Kc5
Re1 79. Kd6 Rd1+ 80. Ke7 Re1 81. Ra5 Re4 82. g5 hxg5 83. h6+ Kxh6 84. Kxf7 Kh5
85. e6 Kh4 86. e7 g4 87. Rxa6 Rxe7+ 88. Kxe7 g3 89. Kf6 g2 90. Ra1 Kg3 91. Kg5
Kh2 92. Kh4 g1=Q 93. Rxg1 Kxg1 1/2-1/2

[Event "11th Philadelphia International"]
[Site "Philadelphia, PA"]
[Date "2017.06.25"]
[Round "4.6"]
[White "Hilby, Craig"]
[Black "Hernandez, Holden"]
[Result "0-1"]
[WhiteElo "2380"]
[BlackElo "2510"]
[PlyCount "48"]
[EventDate "2017.06.??"]
[EventType "swiss"]
[EventRounds "9"]
[EventCountry "USA"]

1. e4 Nf6 2. e5 Nd5 3. d4 d6 4. Nf3 g6 5. Bc4 c6 6. O-O Bg7 7. Re1 O-O 8. exd6
Qxd6 9. Nbd2 Bg4 10. h3 Bxf3 11. Nxf3 Nd7 12. Bb3 b5 13. Bg5 e6 14. Bh4 c5 15.
dxc5 Qxc5 16. Bxd5 Qxd5 17. Qxd5 exd5 18. Rad1 Nb6 19. c3 a5 20. Nd4 b4 21.
cxb4 axb4 22. Be7 Rfc8 23. Bxb4 Rc4 24. Bc3 Na4 0-1

[Event "11th Philadelphia International"]
[Site "Philadelphia, PA"]
[Date "2017.06.25"]
[Round "4.7"]
[White "Mandizha, Farai"]
[Black "Nakar, Eylon"]
[Result "1/2-1/2"]
[WhiteElo "2342"]
[BlackElo "2476"]
[PlyCount "87"]
[EventDate "2017.06.??"]
[EventType "swiss"]
[EventRounds "9"]
[EventCountry "USA"]

1. d4 Nf6 2. c4 g6 3. Nc3 Bg7 4. e4 d6 5. Be2 O-O 6. Bg5 Na6 7. Nf3 e5 8. O-O
h6 9. Be3 Ng4 10. Bc1 c6 11. h3 exd4 12. Nxd4 Nf6 13. Bf4 Re8 14. Bf3 Nh7 15.
Qd2 Ng5 16. Rad1 Nc5 17. Rfe1 Qf6 18. h4 Nxf3+ 19. Nxf3 Bg4 20. Qe3 Rad8 21.
Bg3 Qe7 22. Rc1 Qf8 23. Nd4 Nxe4 24. Nxe4 d5 25. cxd5 cxd5 26. Nb5 Rxe4 27. Qd2
Rxe1+ 28. Rxe1 d4 29. Be5 Qc5 30. Bxg7 Kxg7 31. a4 a6 32. Rc1 Qe5 33. Re1 Qc5
34. Rc1 Qe5 35. Re1 Qf6 36. Nc7 Kh7 37. Ne8 Qc6 38. Qf4 Be6 39. Nf6+ Kg7 40.
Qe5 Kf8 41. Nh7+ Kg8 42. Nf6+ Kf8 43. Nh7+ Kg8 44. Nf6+ 1/2-1/2

[Event "11th Philadelphia International"]
[Site "Philadelphia, PA"]
[Date "2017.06.25"]
[Round "4.8"]
[White "Grabinsky, Aaron"]
[Black "Zhou, Jianchao"]
[Result "0-1"]
[WhiteElo "2338"]
[BlackElo "2595"]
[PlyCount "66"]
[EventDate "2017.06.??"]
[EventType "swiss"]
[EventRounds "9"]
[EventCountry "USA"]

1. d4 Nf6 2. Bf4 d5 3. e3 c5 4. c3 Qb6 5. Qb3 c4 6. Qc2 g6 7. Nd2 Bf5 8. Qc1
Nc6 9. h3 Bg7 10. Ngf3 O-O 11. b3 cxb3 12. axb3 Rfc8 13. Qb2 Ne4 14. g4 Nxd2
15. Nxd2 Bd7 16. Nf3 Na5 17. Rb1 Bb5 18. Nd2 Bxf1 19. Kxf1 Qc6 20. b4 Nc4 21.
b5 Nxd2+ 22. Qxd2 Qxc3 23. Qxc3 Rxc3 24. Ke2 Rc2+ 25. Kf3 e6 26. Rhc1 Rxc1 27.
Rxc1 a5 28. b6 a4 29. Bd6 Bf8 30. Bc5 a3 31. e4 a2 32. Ra1 Bh6 33. e5 Bd2 0-1

[Event "11th Philadelphia International"]
[Site "Philadelphia, PA"]
[Date "2017.06.25"]
[Round "4.9"]
[White "Moon, Benjamin"]
[Black "Becerra, Julio"]
[Result "0-1"]
[WhiteElo "2304"]
[BlackElo "2556"]
[PlyCount "110"]
[EventDate "2017.06.??"]
[EventType "swiss"]
[EventRounds "9"]
[EventCountry "USA"]

1. d4 Nf6 2. Bf4 c5 3. e3 cxd4 4. exd4 d5 5. c3 Nc6 6. Bd3 Bg4 7. Qb3 Qc8 8.
Nd2 e6 9. Ngf3 Be7 10. O-O O-O 11. Rfe1 Bh5 12. h3 Bg6 13. Bxg6 hxg6 14. Bh2 a6
15. a4 Na5 16. Qa2 b5 17. b4 Nc4 18. Rec1 Qc6 19. Ne5 Nxe5 20. dxe5 Nd7 21. Nf3
Nb6 22. Nd4 Qd7 23. axb5 axb5 24. Qe2 Nc4 25. Ra2 Ra4 26. Rca1 Rfa8 27. Bg3 Bd8
28. f4 Bb6 29. Bf2 Bxd4 30. Bxd4 Qc6 31. Kh2 Qa6 32. Rxa4 bxa4 33. Qc2 a3 34.
Ra2 Qb5 35. Qb3 Rb8 36. Kg1 Qa6 37. Kh2 Kf8 38. Kg1 Ke8 39. Kf2 Kd7 40. Ke1 Kc6
41. h4 Kb5 42. Kd1 Qa4 43. Kc2 Rf8 44. Bc5 Rh8 45. g3 f6 46. exf6 gxf6 47. Ra1
g5 48. fxg5 fxg5 49. Qxa4+ Kxa4 50. Rh1 gxh4 51. gxh4 Rg8 52. Kb1 Rg2 53. h5
Nd2+ 54. Kc2 a2 55. h6 Nb1+ 0-1

[Event "11th Philadelphia International"]
[Site "Philadelphia, PA"]
[Date "2017.06.25"]
[Round "4.10"]
[White "Niemann, Hans"]
[Black "Paragua, Mark"]
[Result "0-1"]
[WhiteElo "2282"]
[BlackElo "2520"]
[PlyCount "100"]
[EventDate "2017.06.??"]
[EventType "swiss"]
[EventRounds "9"]
[EventCountry "USA"]

1. d4 Nf6 2. c4 g6 3. f3 Bg7 4. e4 d6 5. Ne2 O-O 6. Be3 Nc6 7. Nbc3 a6 8. d5
Ne5 9. Ng3 c6 10. Be2 cxd5 11. cxd5 b5 12. O-O Nc4 13. Bxc4 bxc4 14. Qe2 Rb8
15. Rfc1 Nd7 16. f4 a5 17. Qxc4 Rb4 18. Qe2 Nc5 19. a3 Ba6 20. Qc2 Rc4 21. e5
dxe5 22. f5 Na4 23. Rd1 e4 24. fxg6 hxg6 25. Ngxe4 Nxb2 26. Qxb2 Rxe4 27. Bh6
Re2 28. Qc1 Qb6+ 29. Kh1 Bxh6 30. Qxh6 Qe3 31. Qxe3 Rxe3 32. Na4 Rd8 33. Rac1
Rxa3 34. Nc5 Be2 35. Rd4 Rc8 36. h3 Bb5 37. h4 Re3 38. Kg1 Re5 39. Kf2 e6 40.
g4 exd5 41. g5 a4 42. Rb4 Be8 43. Nd3 Rxc1 44. Nxc1 Kf8 45. Rd4 Bc6 46. Rb4 Ke7
47. Rb6 Kd6 48. Nd3 Re4 49. Nb4 Kc5 50. Rxc6+ Kxb4 0-1

[Event "11th Philadelphia International"]
[Site "Philadelphia, PA"]
[Date "2017.06.25"]
[Round "4.11"]
[White "Peng, David"]
[Black "Garcia, Jan"]
[Result "0-1"]
[WhiteElo "2254"]
[BlackElo "2436"]
[PlyCount "80"]
[EventDate "2017.06.??"]
[EventType "swiss"]
[EventRounds "9"]
[EventCountry "USA"]

1. e4 e5 2. Nf3 Nc6 3. Bc4 Bc5 4. O-O Nf6 5. d3 a6 6. c3 d6 7. Bb3 Ba7 8. Be3
O-O 9. Nbd2 Ne7 10. Bxa7 Rxa7 11. Nh4 Nc6 12. Nhf3 Be6 13. h3 Bxb3 14. Qxb3 Nh5
15. Nc4 Nf4 16. Qd1 f5 17. Ne3 fxe4 18. dxe4 Qf6 19. Nd5 Qg6 20. Nxf4 Rxf4 21.
Nd2 Nd8 22. Kh2 Ne6 23. g3 Rf6 24. Qe2 Ra8 25. f3 Qf7 26. Qe3 g5 27. Rh1 h5 28.
h4 gxh4 29. gxh4 Rf4 30. Qf2 Kh7 31. Rag1 Qf6 32. Kh3 Rf8 33. Qg3 Rf7 34. Qe1
Qd8 35. Rh2 Qf6 36. Rhh1 c6 37. b3 d5 38. exd5 cxd5 39. c4 Nd4 40. Rg5 Nxf3 0-1

[Event "11th Philadelphia International"]
[Site "Philadelphia, PA"]
[Date "2017.06.25"]
[Round "4.13"]
[White "Wheeler, Cameron"]
[Black "Li, Ben"]
[Result "0-1"]
[WhiteElo "2407"]
[BlackElo "2263"]
[PlyCount "118"]
[EventDate "2017.06.??"]
[EventType "swiss"]
[EventRounds "9"]
[EventCountry "USA"]

1. d4 d5 2. c4 e6 3. Nf3 Nf6 4. g3 dxc4 5. Bg2 Bd7 6. Ne5 Bc6 7. Nxc6 Nxc6 8.
e3 Qd7 9. O-O Rb8 10. Qe2 b5 11. b3 cxb3 12. axb3 Rb6 13. Bb2 Be7 14. Nd2 O-O
15. Nf3 a6 16. e4 Nb4 17. Ne5 Qc8 18. Rac1 Rd8 19. f4 Na2 20. Rc5 Nb4 21. f5
exf5 22. Bh3 Bxc5 23. dxc5 Re6 24. Bxf5 Rde8 25. g4 Qa8 26. Bxe6 Rxe6 27. g5
Qxe4 28. Qxe4 Nxe4 29. Rf4 Nxg5 30. Rxb4 Rxe5 31. Bxe5 Nf3+ 32. Kf2 Nxe5 33.
Rd4 Kf8 34. Rd8+ Ke7 35. Ra8 Nd3+ 36. Ke3 Nxc5 37. b4 Ne6 38. Rxa6 f5 39. Ra7
Kd6 40. Rb7 c6 41. Rf7 Ke5 42. Re7 h6 43. Re8 g5 44. Rh8 Nc7 45. Rxh6 Nd5+ 46.
Kd3 Nxb4+ 47. Kc3 Nd5+ 48. Kd2 c5 49. Rc6 Kd4 50. Rg6 g4 51. Rg5 Ke4 52. Rg8 b4
53. Rc8 Kd4 54. Rf8 b3 55. Kc1 f4 56. Rg8 Ne3 57. Kb2 c4 58. Rd8+ Ke4 59. Kc3
g3 0-1

[Event "11th Philadelphia International"]
[Site "Philadelphia, PA"]
[Date "2017.06.25"]
[Round "4.14"]
[White "Zhang, Chao"]
[Black "Zhu, Jack"]
[Result "1/2-1/2"]
[WhiteElo "2229"]
[BlackElo "2400"]
[PlyCount "76"]
[EventDate "2017.06.??"]
[EventType "swiss"]
[EventRounds "9"]
[EventCountry "USA"]

1. Nf3 Nf6 2. d4 c5 3. d5 e6 4. c4 exd5 5. cxd5 d6 6. Nc3 g6 7. g3 Bg7 8. Bg2
O-O 9. O-O Re8 10. Bf4 Nh5 11. Bg5 Qb6 12. Qd2 Na6 13. Bh6 Bh8 14. Rfe1 Qd8 15.
e4 f6 16. Qe2 Nc7 17. Nd2 Qd7 18. a4 b6 19. Qf3 Ba6 20. g4 Ng7 21. Qg3 Re7 22.
Bf4 Nge8 23. h4 Bg7 24. Bh3 Rf7 25. Nf1 Qe7 26. Bd2 Qf8 27. Ne3 Rd8 28. h5 Bc8
29. f4 Bh6 30. hxg6 hxg6 31. Re2 Re7 32. Rf2 Rh7 33. Bf1 Qe7 34. Bc4 Ba6 35.
Bxa6 Nxa6 36. Raf1 Nb4 37. Nc4 Bg7 38. Re2 Nc7 1/2-1/2

[Event "11th Philadelphia International"]
[Site "Philadelphia, PA"]
[Date "2017.06.25"]
[Round "4.16"]
[White "Banik, Siddharth"]
[Black "Sarkar, Justin"]
[Result "1/2-1/2"]
[WhiteElo "2209"]
[BlackElo "2375"]
[PlyCount "78"]
[EventDate "2017.06.??"]
[EventType "swiss"]
[EventRounds "9"]
[EventCountry "USA"]

1. e4 c5 2. Nf3 e6 3. d4 cxd4 4. Nxd4 a6 5. Bd3 Ne7 6. a4 Nbc6 7. Nb3 d5 8. Nc3
dxe4 9. Nxe4 Nb4 10. Bb5+ Nec6 11. Bxc6+ Nxc6 12. Qxd8+ Nxd8 13. Bf4 f6 14.
Nd6+ Bxd6 15. Bxd6 e5 16. O-O-O Ne6 17. Nc5 Nxc5 18. Bxc5 Bf5 19. a5 Rc8 20. b4
Kf7 21. Kb2 Rhd8 22. Kc1 h5 23. Rxd8 Rxd8 24. h4 Bg4 25. f3 Be6 26. Rd1 Rxd1+
27. Kxd1 g5 28. hxg5 fxg5 29. Ke2 Kf6 30. Ke3 Bd5 31. Bb6 Kf5 32. c3 h4 33. Bd8
e4 34. c4 Bxc4 35. fxe4+ Kg4 36. Bc7 Bb5 37. Bb8 Bf1 38. Kf2 Bd3 39. Ke3 Bb5
1/2-1/2

[Event "11th Philadelphia International"]
[Site "Philadelphia, PA"]
[Date "2017.06.25"]
[Round "4.17"]
[White "Wang, Kevin"]
[Black "Paul, Justin"]
[Result "0-1"]
[WhiteElo "2367"]
[BlackElo "2195"]
[PlyCount "118"]
[EventDate "2017.06.??"]
[EventType "swiss"]
[EventRounds "9"]
[EventCountry "USA"]

1. d4 Nf6 2. c4 g6 3. Nc3 Bg7 4. Nf3 O-O 5. Bg5 c5 6. d5 h6 7. Bh4 d6 8. e3 Bf5
9. Nd2 e5 10. dxe6 Bxe6 11. Qb3 Nc6 12. Be2 a6 13. O-O b5 14. Bf3 Rc8 15. Qd1
g5 16. Bg3 bxc4 17. Nde4 Nxe4 18. Nxe4 d5 19. Nd6 Ne5 20. Bxe5 Bxe5 21. Nxc8
Qxc8 22. Bxd5 Bxb2 23. Rb1 c3 24. f4 Bxd5 25. Qxd5 Qe6 26. Qxe6 fxe6 27. Rf2
gxf4 28. exf4 e5 29. g3 e4 30. Kf1 Rd8 31. Rc2 Rd4 32. Ke2 Kf7 33. Rf1 Rd3 34.
f5 Kf6 35. Rf4 Rd4 36. Ke3 Ra4 37. Rxe4 Rxa2 38. g4 Ra1 39. Re6+ Kf7 40. Kd3 a5
41. Rxh6 Rd1+ 42. Ke2 Rg1 43. h3 Rg2+ 44. Kd3 c4+ 45. Kxc4 Rxc2 46. Kb3 Rc1 47.
Ra6 Ra1 48. g5 a4+ 49. Kc2 Rc1+ 50. Kd3 Rd1+ 51. Kc2 Rd2+ 52. Kb1 Ba3 53. g6+
Kg7 54. Ra7+ Kf6 55. Rf7+ Ke5 56. Re7+ Kd4 57. g7 Rg2 58. Rd7+ Kc4 59. Rc7+ Kb3
0-1

[Event "11th Philadelphia International"]
[Site "Philadelphia, PA"]
[Date "2017.06.25"]
[Round "4.18"]
[White "Cooke, Eric"]
[Black "Perez, Robert"]
[Result "1/2-1/2"]
[WhiteElo "2118"]
[BlackElo "2365"]
[PlyCount "95"]
[EventDate "2017.06.??"]
[EventType "swiss"]
[EventRounds "9"]
[EventCountry "USA"]

1. d4 Nf6 2. c4 g6 3. Nc3 d5 4. cxd5 Nxd5 5. e4 Nxc3 6. bxc3 Bg7 7. Bc4 c5 8.
Ne2 Nc6 9. Be3 O-O 10. O-O Qc7 11. Rc1 b6 12. h3 Bb7 13. f4 Rad8 14. f5 Qb8 15.
fxg6 hxg6 16. Rxf7 Rxf7 17. Bxf7+ Kxf7 18. Qb3+ e6 19. Rf1+ Kg8 20. Qxe6+ Kh7
21. Rf4 g5 22. Qf5+ Kg8 23. Qxg5 Qd6 24. Ng3 Qe7 25. Qh5 Bc8 26. Rh4 Bf6 27.
Rf4 cxd4 28. cxd4 Nxd4 29. Qg6+ Bg7 30. e5 Qe6 31. Qg5 Ne2+ 32. Nxe2 Rd1+ 33.
Kf2 Qxa2 34. Qh5 Rd8 35. Bd4 Qe6 36. Qg5 Rd7 37. h4 Ba6 38. Nc3 Rf7 39. Ne4
Rxf4+ 40. Qxf4 Qa2+ 41. Kg3 Bb7 42. e6 Qb3+ 43. Kh2 Qxe6 44. Bxg7 Qxe4 45. Qf8+
Kh7 46. Qh8+ Kg6 47. Qh6+ Kf7 48. Qf6+ 1/2-1/2

[Event "11th Philadelphia International"]
[Site "Philadelphia, PA"]
[Date "2017.06.25"]
[Round "4.19"]
[White "Ruiz, Joshua"]
[Black "Easton, Jack"]
[Result "1-0"]
[WhiteElo "2367"]
[BlackElo "2098"]
[PlyCount "82"]
[EventDate "2017.06.??"]
[EventType "swiss"]
[EventRounds "9"]
[EventCountry "USA"]

1. e4 c5 2. Nf3 Nc6 3. d4 cxd4 4. Nxd4 Nf6 5. Nc3 e5 6. Ndb5 d6 7. Bg5 a6 8.
Na3 b5 9. Nd5 Be7 10. Bxf6 Bxf6 11. c4 b4 12. Nc2 a5 13. g3 O-O 14. h4 Rb8 15.
b3 Be6 16. Bh3 Be7 17. Kf1 Qd7 18. Kg2 f5 19. exf5 Bxf5 20. Bxf5 Qxf5 21. f3
Kh8 22. Nde3 Qc8 23. Qd5 a4 24. Qe4 Na5 25. Rab1 axb3 26. axb3 Nb7 27. Nd5 Nc5
28. Qe3 Bd8 29. Ncxb4 Rf7 30. Nd3 Ne6 31. f4 Bf6 32. fxe5 Bxe5 33. Nxe5 dxe5
34. Qxe5 Nc5 35. Qe3 Qf5 36. Rhf1 Qc2+ 37. Kh3 Nd3 38. Rxf7 Qxb1 39. Qf3 Rg8
40. Re7 Nc5 41. b4 Qxb4 1-0

[Event "11th Philadelphia International"]
[Site "Philadelphia, PA"]
[Date "2017.06.25"]
[Round "4.20"]
[White "Kumar, Prudhvi"]
[Black "Aaron, Deepak"]
[Result "0-1"]
[WhiteElo "1707"]
[BlackElo "2321"]
[PlyCount "62"]
[EventDate "2017.06.??"]
[EventType "swiss"]
[EventRounds "9"]
[EventCountry "USA"]

1. e4 e6 2. Nf3 d5 3. Nc3 Nf6 4. e5 Nfd7 5. d4 c5 6. dxc5 Bxc5 7. Bd3 Nc6 8.
Bf4 h6 9. O-O g5 10. Bg3 g4 11. Nd2 h5 12. Nb3 Bb6 13. Qe2 Qg5 14. Qd2 Qg7 15.
Na4 Bc7 16. c4 h4 17. cxd5 hxg3 18. dxc6 gxf2+ 19. Rxf2 bxc6 20. g3 Nxe5 21.
Be4 f5 22. Bh1 O-O 23. Nbc5 Bd7 24. Rd1 Rad8 25. Qc3 Bc8 26. Re1 Rd4 27. Rfe2
f4 28. gxf4 Nf3+ 29. Bxf3 gxf3+ 30. Kh1 fxe2 31. Rg1 Qxg1+ 0-1

[Event "11th Philadelphia International"]
[Site "Philadelphia, PA"]
[Date "2017.06.25"]
[Round "4.21"]
[White "Bian, Alex"]
[Black "Nguyen, Trung"]
[Result "1-0"]
[WhiteElo "2266"]
[BlackElo "2132"]
[PlyCount "120"]
[EventDate "2017.06.??"]
[EventType "swiss"]
[EventRounds "9"]
[EventCountry "USA"]

1. e4 g6 2. d4 Bg7 3. Nc3 d6 4. g3 Nc6 5. Be3 Nf6 6. h3 O-O 7. Bg2 e5 8. Nge2
a6 9. O-O Bd7 10. Qd2 exd4 11. Nxd4 Re8 12. Rfe1 Ne5 13. b3 c5 14. Nf3 Nxf3+
15. Bxf3 Bxh3 16. Rad1 Ng4 17. Nd5 Nxe3 18. Nxe3 Bd4 19. c3 Bg7 20. Bh1 Be6 21.
f4 Qa5 22. Rc1 Bd4 23. Kh2 Rad8 24. Nf1 Bg7 25. Ne3 h5 26. Rc2 Bh6 27. Qf2 c4
28. b4 Qb6 29. Rce2 h4 30. gxh4 Qc7 31. Kg1 d5 32. exd5 Bd7 33. Rf1 Bg7 34. h5
gxh5 35. Qg3 Kf8 36. Rg2 Bxc3 37. Qg8+ Ke7 38. Qg5+ Bf6 39. d6+ Qxd6 40. Nd5+
Qxd5 41. Qxd5 Bc6 42. Qc5+ Kd7 43. Rd2+ Kc7 44. Bxc6 bxc6 45. Qa7+ Kc8 46.
Qxa6+ Kc7 47. Qa7+ Kc8 48. Rxd8+ Rxd8 49. Qxf7 Bd4+ 50. Kg2 Rd7 51. Qe8+ Kc7
52. Rc1 c3 53. f5 Rd6 54. Qf7+ Rd7 55. Qxh5 Bf6 56. Rc2 Rd6 57. Qf7+ Kb6 58. a4
Be5 59. Qe7 Rd2+ 60. Rxd2 cxd2 1-0

[Event "11th Philadelphia International"]
[Site "Philadelphia, PA"]
[Date "2017.06.25"]
[Round "4.22"]
[White "De Fotis, Gary"]
[Black "Proleiko, Julian"]
[Result "0-1"]
[WhiteElo "1911"]
[BlackElo "2156"]
[PlyCount "56"]
[EventDate "2017.06.??"]
[EventType "swiss"]
[EventRounds "9"]
[EventCountry "USA"]

1. d4 d5 2. c4 e6 3. Nc3 c6 4. e3 f5 5. Bd3 Nf6 6. Nge2 Bd6 7. f3 O-O 8. Qc2
Nbd7 9. Bd2 a6 10. a4 Qe7 11. O-O b6 12. e4 e5 13. exf5 exd4 14. Nxd4 Qe5 15.
Nce2 Qxh2+ 16. Kf2 Qh4+ 17. g3 Qh2+ 18. Ke1 Re8 19. Kd1 c5 20. Ne6 Bb7 21. Qb3
Ne5 22. Kc2 dxc4 23. Bxc4 Nxc4 24. Qxc4 Bd5 25. Qd3 c4 26. Qe3 Bc5 27. Qe5 Rad8
28. Bc3 Be4+ 0-1

[Event "11th Philadelphia International"]
[Site "Philadelphia, PA"]
[Date "2017.06.25"]
[Round "4.23"]
[White "Kumar, Nikhil"]
[Black "Zhu, Qingyu"]
[Result "1/2-1/2"]
[WhiteElo "2367"]
[BlackElo "1964"]
[PlyCount "133"]
[EventDate "2017.06.??"]
[EventType "swiss"]
[EventRounds "9"]
[EventCountry "USA"]

1. d4 Nf6 2. c4 c5 3. d5 b5 4. cxb5 a6 5. bxa6 Bxa6 6. Nc3 d6 7. e4 Bxf1 8.
Kxf1 g6 9. Nf3 Bg7 10. g3 O-O 11. Kg2 Nbd7 12. a4 Qa5 13. Ra3 Rfb8 14. Qe2 Qb4
15. Nd2 Ne8 16. Rb3 Qa5 17. Nc4 Qa6 18. Rxb8 Rxb8 19. Ne3 Qxe2 20. Nxe2 Bxb2
21. Bd2 Nef6 22. f3 Ne8 23. Nc4 Bg7 24. a5 Nc7 25. f4 Rb3 26. Nc1 Rb1 27. Nd3
Rb3 28. Nc1 Rb1 29. Re1 Ra1 30. Nd3 Ra2 31. Rc1 f5 32. exf5 gxf5 33. Ne1 Nxd5
34. Rc2 Rxc2 35. Nxc2 Nb8 36. Nb6 Nxb6 37. axb6 Kf8 38. Kf3 Ke8 39. Ne3 e6 40.
g4 fxg4+ 41. Kxg4 Kd7 42. f5 exf5+ 43. Kxf5 Kc6 44. Ke6 Be5 45. h3 Nd7 46. b7
Nb8 47. Ng4 Bg3 48. Nf6 Kxb7 49. Ne4 Bh2 50. Nxd6+ Kc6 51. Ne4 Nd7 52. Ng5 h5
53. Nf3 Bg3 54. Bc3 Nb6 55. Kf5 Kd5 56. Kg5 Ke4 57. Nh4 Nd5 58. Bd2 Bf4+ 59.
Bxf4 Nxf4 60. Nf5 Nxh3+ 61. Kf6 Nf4 62. Ng3+ Kd3 63. Kg5 c4 64. Kxf4 c3 65. Kf3
c2 66. Ne2 Kd2 67. Nd4 1/2-1/2

[Event "11th Philadelphia International"]
[Site "Philadelphia, PA"]
[Date "2017.06.25"]
[Round "4.24"]
[White "Nguyen, Tan"]
[Black "Baquero, Luis"]
[Result "1-0"]
[WhiteElo "1949"]
[BlackElo "2222"]
[PlyCount "155"]
[EventDate "2017.06.??"]
[EventType "swiss"]
[EventRounds "9"]
[EventCountry "USA"]

1. d4 e6 2. c4 Nf6 3. Nf3 b6 4. g3 Ba6 5. Qa4 c5 6. Bg2 Bb7 7. O-O Be7 8. Nc3
O-O 9. Rd1 Qc8 10. d5 exd5 11. cxd5 d6 12. Qc2 Na6 13. e4 Nb4 14. Qb1 c4 15.
Nd4 g6 16. b3 Ng4 17. Bh3 Nd3 18. Rxd3 cxd3 19. Qxd3 Ba6 20. Qd2 Bf6 21. Bb2
Qd7 22. Rd1 Rad8 23. Nc6 Ne5 24. Bxd7 Nf3+ 25. Kg2 Nxd2 26. Nxd8 Rxd8 27. Rxd2
Rxd7 28. a4 Rc7 29. Nb5 Bxb5 30. Bxf6 Be8 31. g4 Kf8 32. g5 Bd7 33. Rd3 Ke8 34.
f4 Rc2+ 35. Kg3 a6 36. Rc3 Rxc3+ 37. Bxc3 b5 38. a5 Kd8 39. Bb4 Kc7 40. Kf3 Bh3
41. Ke3 Bg4 42. Bc3 Bd1 43. b4 Bb3 44. Bg7 Bc2 45. Kd4 Bb1 46. Bf8 Bc2 47. e5
dxe5+ 48. Kxe5 Bb3 49. Kd4 Bc2 50. Ke5 Bb3 51. Bd6+ Kd7 52. Bb8 Kc8 53. Ba7 Kc7
54. Bc5 Ba2 55. d6+ Kd7 56. Kf6 Bd5 57. Kg7 Ke6 58. Kxh7 Bc6 59. Kh6 Be4 60.
Kg7 Bd5 61. h3 Bg2 62. d7 Kxd7 63. Kxf7 Bxh3 64. Kxg6 Ke6 65. Kh6 Bf5 66. g6
Bc2 67. Kg5 Bd3 68. Bf8 Bc2 69. Bg7 Bd3 70. Bf6 Bc2 71. Bc3 Bd3 72. g7 Kf7 73.
f5 Bc2 74. Kf4 Bb1 75. f6 Bc2 76. Ke5 Bb1 77. Kd6 Bf5 78. Kc7 1-0

[Event "11th Philadelphia International"]
[Site "Philadelphia, PA"]
[Date "2017.06.25"]
[Round "4.25"]
[White "Virtanen, Teemu"]
[Black "Somalwar, Anaiy"]
[Result "1-0"]
[WhiteElo "2141"]
[BlackElo "1780"]
[PlyCount "69"]
[EventDate "2017.06.??"]
[EventType "swiss"]
[EventRounds "9"]
[EventCountry "USA"]

1. c4 e6 2. Nc3 d5 3. e3 Nf6 4. Nf3 Be7 5. b3 c5 6. Bb2 Nc6 7. cxd5 exd5 8. Bb5
O-O 9. O-O Qc7 10. Rc1 Bg4 11. h3 Bd7 12. d4 a6 13. Bd3 b6 14. Bb1 Be6 15. dxc5
bxc5 16. Na4 Nd7 17. Qd2 f5 18. Nc3 Nb6 19. Ne2 Bd6 20. Nf4 Bxf4 21. exf4 Qd6
22. Qc3 Ra7 23. Qxc5 Qxc5 24. Rxc5 Bd7 25. Re1 Raa8 26. Nd4 Rae8 27. Re3 Rxe3
28. fxe3 Rf6 29. Nxc6 Rxc6 30. Rxc6 Bxc6 31. Bxf5 g6 32. Bd3 Bb5 33. Bxb5 axb5
34. Bd4 Nd7 35. a4 1-0

[Event "11th Philadelphia International"]
[Site "Philadelphia, PA"]
[Date "2017.06.25"]
[Round "4.26"]
[White "Guo, Arthur"]
[Black "Goli, Sandhya"]
[Result "1-0"]
[WhiteElo "2122"]
[BlackElo "1873"]
[PlyCount "64"]
[EventDate "2017.06.??"]
[EventType "swiss"]
[EventRounds "9"]
[EventCountry "USA"]

1. e4 c5 2. Nf3 d6 3. d4 cxd4 4. Nxd4 Nf6 5. Nc3 a6 6. Be3 e5 7. Nb3 Be6 8. f3
h5 9. Nd5 Bxd5 10. exd5 Nbd7 11. Qd2 Be7 12. O-O-O b5 13. Na5 Nb6 14. Nc6 Qc7
15. Bxb6 Qxb6 16. Bd3 Nxd5 17. Be4 Nf6 18. Nb4 Rc8 19. Nd5 Nxd5 20. Bxd5 Rh6
21. Kb1 Rg6 22. Qe2 Bf6 23. Rd3 Rc7 24. Rhd1 Rd7 25. g4 hxg4 26. fxg4 Bg5 27.
Qe4 Rc7 28. Qf5 Bf6 29. h4 e4 30. Qxe4+ Re7 31. Qf5 Bxh4 32. Qc8+ Qd8 1-0

[Event "11th Philadelphia International"]
[Site "Philadelphia, PA"]
[Date "2017.06.25"]
[Round "4.27"]
[White "Kumar, Naman"]
[Black "Zhang, Alan"]
[Result "0-1"]
[WhiteElo "2367"]
[BlackElo "1964"]
[PlyCount "72"]
[EventDate "2017.06.??"]
[EventType "swiss"]
[EventRounds "9"]
[EventCountry "USA"]

1. e4 e5 2. Nf3 Nc6 3. Bc4 Bc5 4. c3 Nf6 5. d3 d6 6. O-O a6 7. Bb3 Ba7 8. Nbd2
O-O 9. h3 h6 10. Re1 Re8 11. Nf1 Be6 12. Bc2 d5 13. Qe2 b5 14. Ng3 d4 15. a4
Qd6 16. Nh4 Qc5 17. axb5 axb5 18. Bd2 dxc3 19. bxc3 b4 20. cxb4 Qxc2 21. Rec1
Qb2 22. Rab1 Qa2 23. Ra1 Nd4 24. Qe1 Qb3 25. Rc3 Qxb4 26. Rxc7 Qb6 27. Ba5 Qb5
28. Rb1 Qxd3 29. Rbb7 Nb5 30. Nhf5 Nxc7 31. Rxc7 Bxf5 32. Nxf5 Qxe4 33. Nd6
Qxe1+ 34. Bxe1 Red8 35. Nxf7 Rd1 36. Kf1 Bb6 0-1